Don't Misspell the Countries! - Statistics

General Stats
  • This quiz has been taken 28 times
  • The average score is 9 of 10
Answer Stats
Question Answer % Correct
What is the correct spelling? Argentina
100%
What is the correct spelling? Nicaragua
100%
What is the correct spelling? Honduras
96%
What is the correct spelling? Kyrgyzstan
96%
What is the correct spelling? Madagascar
96%
What is the correct spelling? Montenegro
96%
What is the correct spelling? Trinidad and Tobago
96%
What is the correct spelling? Namibia
93%
What is the correct spelling? Vanuatu
89%
What is the correct spelling? Kazakhstan
81%
No matching quizzes found
Score Distribution
Percent of People with Each Score
Percentile by Number Answered
Your Score History
You have not taken this quiz